| 000 | 01400nam a2200277Ia 4500 | ||
|---|---|---|---|
| 003 | OSt | ||
| 005 | 20220930094724.0 | ||
| 006 | a|||||r|||| 00| 0 | ||
| 007 | ta | ||
| 008 | 220926b |||||||| |||| 00| 0 hin d | ||
| 024 | _a3161 | ||
| 037 | _cTheses | ||
| 040 |
_aCRL _cCRL _bhin |
||
| 041 |
_2hin _ahin |
||
| 100 | _aसोवरा, सोम्बुरु | ||
| 110 |
_aदिल्ली विश्वविद्यालय. कला संकाय. ललित कला महाविद्यालय _9556125 |
||
| 245 | 0 |
_aआधुनिक डिज़ाईन और विज्ञापन कला में जनजातीय कलाओं का प्रयोग _b प्रेरणा श्रोत के रूप में |
|
| 246 | _aĀdhunik ḍiज़āīn aur vijnyāpan kalā mean janajātīya kalāoan kā prayoga: preraṇā shrot ke rūp mean | ||
| 260 | _c2011 | ||
| 300 |
_a680पृ0 _ap. _ccm. |
||
| 650 | _aल्थ्ल्त् क्ल्ज्ञ | ||
| 700 | _a लाहिड़ी, एस. एन., गा. | ||
| 700 |
_aदिल्ली विश्वविद्यालय. कला संकाय. ललित कला महाविद्यालय _9556126 |
||
| 942 |
_cDIS _2CC |
||
| 999 |
_c887560 _d887560 |
||